| 000 | 01210cam a22002771 4500 | ||
|---|---|---|---|
| 001 | e 30000394 | ||
| 003 | DLC | ||
| 005 | 20260227111220.0 | ||
| 008 | 840406s1929 lau b s000 0 eng c | ||
| 010 | _ae 30000394 | ||
| 035 | _a(OCoLC)10603265 | ||
| 040 |
_aU.S..Off. of educ. Library _cDNIE _dDLC |
||
| 042 | _apremarc | ||
| 050 | 0 | 0 |
_aL154 _b.B32 no. 161 |
| 110 | 1 |
_aLouisiana. _bDepartment of Education. _bHigh School Division. |
|
| 245 | 1 | 0 |
_aLouisiana high-school standards; _bmanual of organization and administration. _cPrepared by the High-school division of the state Department of education of Louisiana under the direction of Chas. F. Trudeau, state high-school supervisor. |
| 260 |
_aBaton Rouge, _bT.H. Harris, state superintendent of public education _c[1929] |
||
| 300 |
_a207 p. _c23 cm. |
||
| 490 | 0 |
_aLouisiana. Dept. of education. Bulletin _vno. 161 |
|
| 500 | _aAt head of title: State Dept. of Louisiana. | ||
| 500 | _a"Revised edition of the 1925 High-school course of study and manual of administration."--Introd. | ||
| 504 | _aIncludes bibliographies. | ||
| 650 | 0 |
_aHigh schools _zLouisiana. |
|
| 650 | 0 |
_aEducation _zLouisiana _xCurricula. |
|
| 650 | 0 |
_aEducation _zLouisiana. |
|
| 999 |
_c21061 _d21061 |
||